000 00564cam a2200193 4500500
005 20260405002256.0
041 _afre
042 _adc
100 1 0 _aNathan, Tobie
_eauthor
245 0 0 _aMobilisation totale
260 _c2016.
500 _a57
690 _aAnthropologie
690 _aMaurizio Ferraris
690 _aPolitique
690 _atéléphone
786 0 _nPhilosophie magazine | 102 | 9 | 2016-09-01 | p. 64-64 | 1951-1787
856 4 1 _uhttps://shs.cairn.info/magazine-philosophie-magazine-2016-9-page-64?lang=fr&redirect-ssocas=7080
999 _c2056151
_d2056151